MDQL
is popping MORE tags! Check the
thread
!
Quizzes
Events
Quiz Creation
Community
Videos
Private Events
Remove Ads
Sign In
Join for FREE
Feedback
Dark Mode
Quiz Categories
Sports
Geography
Music
Movies
Television
Just For Fun
Miscellaneous
History
Literature
Language
Science
Gaming
Entertainment
Religion
Holiday
For Kids
Quiz Lab
Recent
Popular Today
Quiz Kudos Today
Editor Picks
Curator Picks
Quizzes by...
Day
Popularity
Type
Ratings
Length
Year
Community
Subscriptions
Recent Discussions
Orange Saloon
Badges
Playlists
Quests
Create
Leaderboards
Showdown
Live 5
Trivia Bingo
Activity
Puzzle Library
Sporcle Events
Private Events
Virtual Trivia
Globe League
Become a Host
Pub Owners
SporcleCon
Opinionation
Our Games
Videos
Blog
Mobile Apps
Partnerships
Remove Ads and Go Orange
Feedback
Religion
Mythology
Religious Music
World Religions
Bible
Christianity
Catholicism
Judaism
Church
Scripture
Islam
Verse
Religion
Mythology
Religious Music
World Religions
Bible
Christianity
Catholicism
Judaism
Church
Scripture
Islam
Verse
Random Quiz
Search Sporcle
×
Quiz Lab
Quiz Lab
Religion
Country
Type in answers that appear in a list
Type in answers that appear in a list
Classic
Best Score? Go Orange.
Countries with a State Religion Stats
Can you name the countries with an official state religion?
By
howabe
4m
37 Questions
312 Plays
312 Plays
312 Plays
Comments
Comments
Give Quiz Kudos
Give Quiz Kudos
-
- Ratings
hide this ad
Replay
Link that replays current quiz
Next Quiz
Link to next quiz in quiz playlist
You Got
0%
They Got
Avg Score
62%
Avg Friend Score
Upgrade to see
Score Distribution
Jump to the score distribution portion of the page
Score
0/37
Timer
04:00
0
Plays Today
Religion
Country
% Correct
Islam -
Shi'a
Iran
91.6%
Islam -
Non-
Denominational
Iraq
89.4%
Islam -
Ibadi
Oman
84.8%
Islam -
Sunni
Saudi Arabia
84.5%
Islam -
Shi'a + Sunni
Yemen
83.2%
Islam -
Sunni
Egypt
80%
Islam -
Non-
Denominational
Pakistan
79%
Islam -
Sunni
Morocco
77.4%
Christianity -
Catholicism
Vatican City
76.5%
Islam -
Sunni
Qatar
76.5%
Islam -
Sunni
Algeria
76.1%
Islam -
Sunni
United Arab Emirates
76.1%
Islam -
Shi'a + Sunni
Bahrain
74.5%
Islam -
Sunni
Tunisia
73.2%
Islam -
Sunni
Libya
71.6%
Islam -
Shi'a + Sunni
Kuwait
71.6%
Islam -
Sunni
Afghanistan
70.3%
Islam -
Sunni
Jordan
69.7%
Christianity -
Protestantism
Norway
63.2%
Religion
Country
% Correct
Christianity -
Orthodox
Greece
62.9%
Islam -
Sunni
Bangladesh
59.7%
Islam -
Sunni
Malaysia
59%
Islam -
Sunni
Somalia
59%
Buddhism -
Vajrayana
Bhutan
57.7%
Islam -
Sunni
Mauritania
55.8%
Christianity -
Protestantism
Denmark
54.8%
Buddhism -
Theravada
Cambodia
53.9%
Christianity -
Protestantism
Iceland
53.2%
Christianity -
Catholicism
Argentina
49.4%
Islam -
Sunni
Brunei
45.5%
Christianity -
Catholicism
Monaco
42.6%
Islam -
Sunni
Maldives
41.3%
Christianity -
Catholicism
Malta
40.6%
Christianity -
Catholicism
Liechtenstein
39.7%
Islam -
Sunni
Comoros
39.4%
Christianity -
Catholicism
Costa Rica
29.4%
Christianity -
Reformed
Tuvalu
15.2%
Quiz Playlist
Details
Report
Send in Message
Add To Playlist
Classic:
Type in answers that appear in a list
Quiz Source
Last Updated: Feb 16, 2017
Quiz Scoreboard
CHALLENGE
Sign Up to Join the Scoreboard
Show All
Scores
Hide
Comments
May contain spoilers
Recently Published
1-10 Letter E Words III
by El_Dandy
Language
2m
Street Fighter Characters
by Artimus82
Gaming
60s
College Basketball Coaching Resumes
by pancakes188
Sports
9m
More to Explore
Quiz From the Vault
Featured Blog Post
Where Did the Easter Bunny Come From?
hide this ad
You Might Also Like...
Tags
Country Quiz
State Quiz
official
Today's Top Quizzes in Religion
Browse Religion
hide this ad
Today's Top Quizzes in Country
Browse Country
Top Contributed Quizzes in Religion
1
5-to-1: Children of Gods
2
5-to-1: European Churches
3
One Thing in Common: Mythology
4
One Thing in Common: Mythology II
5
One Thing in Common: Religion
6
Mythological Creature Bunker
7
One Thing in Common: Religion and Mythology
8
Prime Time: Religion
9
Murdered Mythical Monsters
10
10 to 1: Islam
Explore More
Trending Topics
NBA
Marvel
Kpop
Harry Potter
Anime
Disney
Crossword
Song
Soccer
The Office
WWE
Pokémon
NFL
Country
Puzzle
hide this ad
More By:
howabe
Quiz
Plays
Rating
Category
Featured
Created
300 Largest UK Settlements on a Map
12,851
4.94
Geography
Feb 24, 2016
Asia 1m+ Population Cities on a Map
4,676
4.84
Geography
Apr 29, 2015
First Languages of Europe
3,356
4.17
Language
Feb 5, 2013
First Languages of Asia
3,106
4.53
Language
Feb 6, 2013
First Languages of Africa
2,717
4.60
Language
Feb 7, 2013
Go to Creator's Profile
Score Distribution
Quiz Creator Spotlight
howabe
Follow
Send a Message
Quizzes Created
-
Created Quiz Play Count
-
More By This Creator
Popular Quizzes Today
1
Find the US States - No Outlines Minefield
2
Find the Countries of Europe - No Outlines Minefield
3
The Countries of the World
4
Find the US States
5
Risky Map Clicking: Biggest States A-Z
6
US States
7
Popular People in 1961
8
Movies - When Are They Set?
More Religion Quizzes
Religious Figures Mashup!
Quiz Lab
Trending Quizzes
Risky Map Clicking: Least Populous States A-Z
1-10 Letter G Words
1-10 Letter F Words
Countries of the World: 200 Million BC
Risky Map Clicking: Next State Alphabetically
Recently Updated
Beyoncé Albums
pecheneg
Leaping Animals
pecheneg
Reality TV Shows (A-Z)
bhenderson79
Rickey Henderson's Hall of Fame Teammates
pecheneg
Champions League XIs: Arsenal
pecheneg
Quick Pick: Celebrities in WWE's Hall of Fame
aduchscher
A-Z Keypad Blitz II
pecheneg
Multiple Oscar Actors
pecheneg
Mystery Phrase Blitz: Oscar 'Best Actors'
pecheneg
F. Scott Fitzgerald Novels
LTH
Trending Topics
Disney
Kpop
Harry Potter
Crossword
Marvel
Anime
NBA
NFL
Soccer
Song
Puzzle
WWE
Country
The Office
Pokémon
Your Account Isn't Verified!
In order to create a playlist on Sporcle, you need to verify the email address you used during registration. Go to your
Sporcle Settings
to finish the process.
Report this User
Report this user for behavior that violates our
Community Guidelines
.
Details:
Send Report
Go to the Sporcle.com Mobile Site →
Comments